Las áreas protegidas del Beni y el desarrollo departamental / (Registro nro. 1975)

Detalles MARC
000 -CABECERA
Campo de control 00978cam a22002417i 4500
005 - FECHA Y HORA DE LA ULTIMA TRANSACCION
Campo de control 20160112061701.0
008 - ELEMENTOS DE LONGITUD FIJA—INFORMACION GENERAL
Campo de control 000826s2000 bo ab b f000 0 spa d
040 ## - FUENTE DE CATALOGACIÓN
Agencia catalogadora original NNBG
Agencia transcriptora NNBG
Agencia Modificadora CStRLIN
-- DLC
-- CO-BoIAVH
041 ## - IDIOMA
Código de idioma para texto/pista de sonido o título separado Español
042 ## - AUTHENTICATION CODE
Authentication code lccopycat
044 ## - PAÍS DE PUBLICACIÓN
País de publicación Bolivia
082 04 - NUMERO DE CLASIFICACION DECIMAL DEWEY
Número de clasificación 333.9516
Número del ítem M32a
100 1# - ASIENTO PRINCIPAL--NOMBRE PERSONAL
Nombre personal Marconi, María.
9 (RLIN) 49608
245 14 - MENCION DE TITULO
Título Las áreas protegidas del Beni y el desarrollo departamental /
Mención de responsabilidad María Marconi, Carmen Miranda L.
260 ## - PUBLICACION, DISTRIBUCION, ETC. (PIE DE IMPRENTA)
Lugar de publicación, distribución, etc. [La Paz, Bolivia] :
Nombre del editor, distribuidor, etc. Academia Nacional de Ciencias de Bolivia, Instituto para la Conservación e Investigación de la Biodiversidad,
Fecha de publicación, distribución, etc. 2000.
300 ## - DESCRIPCION FISICA
Extensión 286 p. :
Otros detalles físicos ill., maps ;
Dimensiones 21 cm.
650 14 - ASIENTO SECUNDARIO DE MATERIA - TERMINO TEMATICO
Término temático o nombre geográfico como elemento de entrada Áreas protegidas
Subdivisión geográfica Bolivia
9 (RLIN) 49609
650 24 - ASIENTO SECUNDARIO DE MATERIA - TERMINO TEMATICO
Término temático o nombre geográfico como elemento de entrada Áreas de conservación de recursos naturales
Subdivisión geográfica Bolivia
9 (RLIN) 49610
650 24 - ASIENTO SECUNDARIO DE MATERIA - TERMINO TEMATICO
Término temático o nombre geográfico como elemento de entrada Conservación de los recursos naturales
Subdivisión geográfica Bolivia
9 (RLIN) 49611
650 24 - ASIENTO SECUNDARIO DE MATERIA - TERMINO TEMATICO
Término temático o nombre geográfico como elemento de entrada Conservación biológica
Subdivisión geográfica Bolivia
9 (RLIN) 49612
700 1# - ASIENTO SECUNDARIO - NOMBRE PERSONAL
Nombre personal Miranda L., Carmen.,
Término de relación autora.
9 (RLIN) 49613
942 ## - ELEMENTOS ADICIONALES (KOHA)
Sistema de clasificación Dewey Decimal Classification
Tipo de ítem Libro
Existencias
Withdrawn status Lost status Sistema de Clasificación Damaged status No para préstamo Colección Inventariado Ubicación Permanente Ubicación actual Fecha de adquisición Fuente de Valor Valor Total Checkouts Número topográfico Inventario / Código de Barras Date last seen Ejemplar Price effective from Forma de adquisición Tipo de material
    Dewey Decimal Classification     General Inventariado 2017 Bogotá Bogotá 26/01/2001 Instituto 39000.00   LB-333.9516 M32a 002460 04/12/2012 Ej. 1 04/12/2012   Libro